Представление документа в формате MARC21

Поле Инд. ПП Название Значение
Тип записи a
Библиографический уровень m
001 Контрольный номер 1749fa762eb642a2b48fef426a469397
005 Дата корректировки 20200514120219.6
008 Кодируемые данные 180412|||||||||ru |||||||||||||||||rus||
020 a ISBN 978-5-9916-7709-7
040 a Служба первич. каталог. DE
b Код языка каталог. rus
e Правила каталог. PSBO
084 a Индекс другой классификации/Индекс ББК 65.291.551-21
090 a Полочн. индекс 65.291.5
x Авторский знак И 66
245 10 a Заглавие Инновационный менеджмент
b Продолж. заглавия учеб. для акад. бакалавриата : учеб. для студентов высш. учеб. заведений, обучающихся по экон. направлениям и специальностям
c Ответственность под общ. ред. Л. П. Гончаренко
250 a Основные сведения об издании 2-е изд., перераб. и доп.
260 a Место издания Москва
b Издательство Юрайт
c Дата издания 2016
300 a Объем 486, [1] с.
440 _0 a Серия Бакалавр. Академический курс
500 a Примечание Кн. доступна в электрон. библ. сист. biblio-online.ru
504 a Библиография Библиогр.: с. 484-485
583 x Служебное примечание Экон. специальности. ВПО
x Служебное примечание Инновационный менеджмент. ВПО
z Открытое примечание Для студентов экономических специальностей
650 04 a Основная рубрика Инновации-Менеджмент-Учебные издания для высших учебных заведений-Бакалавриат
653 0_ a Ключевые слова Инновации; Инновационная деятельность; Инновационные проекты; Менеджмент инновационный; Управление инновациями
700 12 a Другие авторы Гончаренко Л. П.
e Роль лиц Редактор
900 a Имя макрообъекта инновац. менедж. под ред. Гончаренко Л. П.
901 t Тип документа m
952 b Гриф литературы для ВШ Рекомендовано Учеб.-метод. отд. высш. образования
c Вид литературы учебник